000 00306nam a2200121Ia 4500
005 20251222143240.0
008 251222s9999||||xx |||||||||||||| ||spa||
020 _a956-201-382-0
082 _a372.4/J69
100 _aJolibert, Josette
245 0 _aInterrogar y Producir Textos Auténticos:
942 _cLIB
999 _c14544
_d14544